Ethical Value Networks In International Trade: Social Justice, Sustainability And Provenance In The Global South Social Justice, Sustainability And Provenance In The Global South (Record no. 42749)

MARC details
000 -LEADER
fixed length control field 00461nam a2200121Ia 4500
008 - FIXED-LENGTH DATA ELEMENTS--GENERAL INFORMATION
fixed length control field 241028s9999 xx 000 0 und d
041 ## - LANGUAGE CODE
Language code of text/sound track or separate title eng
082 ## - DEWEY DECIMAL CLASSIFICATION NUMBER
Classification number 382.091 MUR
100 ## - MAIN ENTRY--PERSONAL NAME
Personal name Murray W.E.
245 ## - TITLE STATEMENT
Title Ethical Value Networks In International Trade: Social Justice, Sustainability And Provenance In The Global South Social Justice, Sustainability And Provenance In The Global South
260 ## - PUBLICATION, DISTRIBUTION, ETC.
Name of publisher, distributor, etc. Edward Elgar Publishing
Place of publication, distribution, etc. USA
Date of publication, distribution, etc. 2022
300 ## - PHYSICAL DESCRIPTION
Extent 276;. P. 22 cm
Holdings
Withdrawn status Lost status Damaged status Not for loan Home library Current library Shelving location Date acquired Cost, normal purchase price Full call number Barcode Date last seen Cost, replacement price Price effective from Koha item type
        IMTN IMTN Rack 16-B 07/03/2024 12011.00 382.091 MUR 33178 10/28/2024 109.00 10/28/2024 Books
Designed & Maintained by: LRC IMT Nagpur Contact: lrc@imtnag.ac.in© 2024. All Rights Reserved.